000
00318 a2200145 4500
001
165875
020
_a
040
_c
Magnum
100
_a
Wachowicz, Lilian Anna
240
1
0
_a
O metodo dialetico na didatica
_l
por
245
1
0
_a
O metodo dialetico na didatica
362
0
_a
1899
697
_a
ENSINO
942
_c
BK
999
_c
165875
_d
165875